NFL/College Starting Lineups - Seattle Seahawks - Statistics

General Stats
  • This quiz has been taken 29 times
  • The average score is 15 of 23
Answer Stats
POS Name College % Correct
WR Jaxon Smith-Njiba Ohio State
93%
QB Sam Darnold USC
93%
LDE Leonard Williams USC
93%
SLB Uchenna Nwosu USC
93%
RDE Byron Murphy II Texas
81%
RB Zach Charbonnett UCLA
81%
CB Devon Witherspoon Illinois
74%
TE AJ Barner Michigan
74%
R-ILB Ernest Jones IV South Carolina
74%
NB Nick Emmanwori South Carolina
74%
WR Cooper Kupp Eastern Washington
70%
NT Jarran Reed Alabama
67%
CB Josh Jobe Alabama
67%
LG Grey Zabel North Dakota State
67%
C Jalen Sundell North Dakota State
67%
RT Abraham Lucas Washington State
63%
FS Julian Love Notre Dame
56%
RG Anthony Bradford LSU
52%
WLB DeMarcus Lawrence Boise State
41%
LT Charles Cross Mississippi State
41%
L-ILB Drake Thomas NC State
30%
WR Rasheed Shaheed Weber State
30%
SS Ty Okada Montana State
22%
No matching quizzes found
Score Distribution
Percent of People with Each Score
Percentile by Number Answered
Your Score History
You have not taken this quiz